Responses for Show #2644 - Thursday, February 15, 1996

1996 College Championship quarterfinal game 4.

Contestants

[<< previous game]

Allyson Mondoux, a senior from Boston University

Brian Gondos, a sophomore from the University of Pennsylvania

Steffanie Brown, a junior from West Georgia College

[next game >>]

Jeopardy! Round responses

WORLD FACTS
PROVERBS
COWS
FIRST LADIES
DC COMICS
AROUND THE HOUSE
    $100 16
Mexico

Steffanie
    $100 1
new tricks

Steffanie
    $100 4
the cow jumped over the moon

Allyson
    $100 11
Martha Washington

Allyson
    $100 26
Metropolis

Steffanie
    $100 12
a mouse trap

Steffanie
    $200 18
Reykjavik

Brian
    $200 2
a rolling stone

Steffanie
    $200 5
milk

Brian
    $200 13
Nixon

Brian
    $200 27
Marvel

Triple Stumper
    $200 22
a clothes dryer

Steffanie
    $300 19
Finnish

Brian
    $300 3
a warm heart

Allyson
    $300 6
Hinduism

Steffanie
    $300 14
Abigail Adams

Steffanie
    $300 28
da Vinci

Brian
    $300 23
a napkin

Brian
    $400 20
New Zealand

Allyson
    $400 7
good intentions

Steffanie
    $400 9
the O'Learys

Steffanie
    $400 15
Mary Todd Lincoln

Allyson
    $400 29
the Flash

Steffanie
    $400 24
curtains

Steffanie
    $1,000 21
(Allyson: [Shakes head])

Asuncion

Allyson
    $500 8
the pen is mightier than the sword

Allyson
    $500 10
Borden

Steffanie
    $500 17
Carter

Steffanie
    $500 30
(Brian: Who is Lois Lane?)

Supergirl

SteffanieBrian
    $500 25
a futon

Brian

Scores at the first commercial break (after clue 15):

Steffanie Brian Allyson
$2,300 $400 $1,400

Scores at the end of the Jeopardy! Round:

Steffanie Brian Allyson
$4,500 $1,500 $800

Double Jeopardy! Round responses

ANCIENT HISTORY
MATH CLASS
MUSIC & LITERATURE
WORD ORIGINS
LAKES & RIVERS
AROUND THE SENATE
    $200 11
Alexandria

Brian
    $200 16
(Allyson: What is a line?)
(Alex: Be more specific.)

a straight line

Allyson
    $200 1
Moby-Dick

Steffanie
    $200 6
Frisbee

Allyson
    $200 17
the Misssissippi

Steffanie
    $200 18
the Republican Party

Steffanie
    $400 12
Sheba

Steffanie
    $400 23
a decimal point

Steffanie
    $400 2
Victor Hugo

Steffanie
    $400 7
utensil

Allyson
    $800 27
Athens

Allyson
    $400 19
Packwood

Steffanie
    $600 13
Spartacus

Steffanie
    $600 24
1

Steffanie
    $600 3
(Lord) Byron

Steffanie
    $600 8
gauche

Allyson
    $600 28
(Brian: What is the Rio de la Plata?)

Rio de Janeiro

BrianAllyson
    $600 20
Strom Thurmond

Brian
    $800 14
Hannibal

Brian
    $800 25
3

Steffanie
    $800 4
Elgar

Allyson
    $800 9
perquisite

Triple Stumper
    $800 29
Huron & Erie

Brian
    $800 21
Sam Nunn

Steffanie
    $1000 15
(Allyson: What is Crete?)

Sicily

Allyson
Triple Stumper
    $1000 26
the 2nd power

Allyson
    $1000 5
(Nathaniel) Hawthorne

Steffanie
    $1,200 10
(Allyson: [Shakes head])
(Alex: Allyson?)
(Alex: The Italian scientist's name was Galvani; hence the word is [*].)

galvanize

Allyson
    $1000 30
(Steffanie: What is France?)
(Allyson: What is Czechoslovakia?)

Poland

SteffanieBrianAllyson
    $1000 22
(Dianne) Feinstein & (Barbara) Boxer

Steffanie

Scores at the end of the Double Jeopardy! Round:

Steffanie Brian Allyson
$11,100 $4,300 $2,200
(lock game)

Final Jeopardy! Round responses

NORTH AMERICA
AllysonWhat is Panama?
$2,200
BrianWhat is Panama?
$4,300
SteffanieWhat is Panama?
$1,100
Panama

Final scores:

Steffanie Brian Allyson
$12,200 $8,600 $4,400
Automatic semifinalist 2nd place: $1,000 if eliminated 3rd place: $1,000 if eliminated

Game dynamics:

Coryat scores:

Steffanie Brian Allyson
$11,100 $4,300 $4,000
29 R,
1 W
12 R,
2 W
14 R
(including 1 DD),
4 W
(including 2 DDs)

Combined Coryat: $19,400

[game clues] [game scores] [suggest correction]

Game tape date: 1996-01-09
The J! Archive is created by fans, for fans. Scraping, republication, monetization, and malicious use prohibited; this site may use cookies and collect identifying information. See terms. The Jeopardy! game show and all elements thereof, including but not limited to copyright and trademark thereto, are the property of Jeopardy Productions, Inc. and are protected under law. This website is not affiliated with, sponsored by, or operated by Jeopardy Productions, Inc. Join the discussion at JBoard.tv.